<?xml version="1.0" encoding="UTF-8"?>
<record
    xmlns:xsi="http://www.w3.org/2001/XMLSchema-instance"
    xsi:schemaLocation="http://www.loc.gov/MARC21/slim http://www.loc.gov/standards/marcxml/schema/MARC21slim.xsd"
    xmlns="http://www.loc.gov/MARC21/slim">

  <leader>01161nam0a22003011  4500</leader>
  <controlfield tag="001">RU\NLR\INFOCOMM17\ROSSICA\1000306993</controlfield>
  <controlfield tag="005">20250613193431.0</controlfield>
  <datafield tag="035" ind1=" " ind2=" ">
    <subfield code="a">(NLR Aleph) 009972316</subfield>
  </datafield>
  <datafield tag="090" ind1=" " ind2=" ">
    <subfield code="a">9653373</subfield>
    <subfield code="c">9653373</subfield>
  </datafield>
  <datafield tag="100" ind1=" " ind2=" ">
    <subfield code="a">20030923d1918    |||y0rusy50      ca</subfield>
  </datafield>
  <datafield tag="101" ind1="0" ind2=" ">
    <subfield code="a">fre</subfield>
  </datafield>
  <datafield tag="102" ind1=" " ind2=" ">
    <subfield code="a">RU</subfield>
  </datafield>
  <datafield tag="105" ind1=" " ind2=" ">
    <subfield code="a">y   ||||000ay</subfield>
  </datafield>
  <datafield tag="200" ind1="1" ind2=" ">
    <subfield code="a">Pseudoscorpions nouveaux</subfield>
    <subfield code="f">Redikorzev, V., le Dr.</subfield>
  </datafield>
  <datafield tag="210" ind1=" " ind2=" ">
    <subfield code="a">&#x41F;&#x435;&#x442;&#x435;&#x440;&#x431;&#x443;&#x440;&#x433;&#x44A;</subfield>
    <subfield code="d">1918</subfield>
  </datafield>
  <datafield tag="215" ind1=" " ind2=" ">
    <subfield code="d">8&#xB0;</subfield>
  </datafield>
  <datafield tag="300" ind1=" " ind2=" ">
    <subfield code="a">Avec 10 figures</subfield>
  </datafield>
  <datafield tag="300" ind1=" " ind2=" ">
    <subfield code="a">&#x41E;&#x442;&#x442;&#x438;&#x441;&#x43A;&#x44A; &#x438;&#x437;&#x44A; &#x415;&#x436;&#x435;&#x433;&#x43E;&#x434;&#x43D;&#x438;&#x43A;&#x430; &#x417;&#x43E;&#x43E;&#x43B;&#x43E;&#x433;&#x438;&#x447;&#x435;&#x441;&#x43A;&#x430;&#x433;&#x43E; &#x41C;&#x443;&#x437;&#x435;&#x44F; &#x420;&#x43E;&#x441;&#x441;i&#x439;&#x441;&#x43A;&#x43E;i&#x439; &#x410;&#x43A;&#x430;&#x434;&#x435;&#x43C;&#x438; &#x41D;&#x430;&#x443;&#x43A;&#x44A;, &#x442;&#x43E;&#x43C;&#x44A; XXII, 1917</subfield>
  </datafield>
  <datafield tag="488" ind1=" " ind2="0">
    <subfield code="1">2001#$a&#x415;&#x436;&#x435;&#x433;&#x43E;&#x434;&#x43D;&#x438;&#x43A; &#x417;&#x43E;&#x43E;&#x43B;&#x43E;&#x433;&#x438;&#x447;&#x435;&#x441;&#x43A;&#x43E;&#x433;&#x43E; &#x41C;&#x443;&#x437;&#x435;&#x44F; &#x420;&#x43E;&#x441;&#x441;i&#x439;&#x441;&#x43A;&#x43E;i&#x439; &#x410;&#x43A;&#x430;&#x434;&#x435;&#x43C;&#x438; &#x41D;&#x430;&#x443;&#x43A;&#x44A;$v&#x442;&#x43E;&#x43C;&#x44A; XXII, 1917</subfield>
    <subfield code="t">&#x415;&#x436;&#x435;&#x433;&#x43E;&#x434;&#x43D;&#x438;&#x43A; &#x417;&#x43E;&#x43E;&#x43B;&#x43E;&#x433;&#x438;&#x447;&#x435;&#x441;&#x43A;&#x43E;&#x433;&#x43E; &#x41C;&#x443;&#x437;&#x435;&#x44F; &#x420;&#x43E;&#x441;&#x441;i&#x439;&#x441;&#x43A;&#x43E;i&#x439; &#x410;&#x43A;&#x430;&#x434;&#x435;&#x43C;&#x438; &#x41D;&#x430;&#x443;&#x43A;&#x44A;</subfield>
  </datafield>
  <datafield tag="700" ind1=" " ind2="1">
    <subfield code="9">z01790</subfield>
    <subfield code="a">Redikorcev</subfield>
    <subfield code="b">V.</subfield>
    <subfield code="4">070</subfield>
  </datafield>
  <datafield tag="790" ind1=" " ind2="1">
    <subfield code="9">z01700</subfield>
    <subfield code="a">Redikorzev</subfield>
    <subfield code="b">V.</subfield>
    <subfield code="4">070</subfield>
  </datafield>
  <datafield tag="801" ind1=" " ind2="1">
    <subfield code="a">RU</subfield>
    <subfield code="b">InfoComm</subfield>
    <subfield code="c">20030923</subfield>
  </datafield>
  <datafield tag="801" ind1=" " ind2="0">
    <subfield code="a">RU</subfield>
    <subfield code="b">NLR</subfield>
    <subfield code="g">PSBO</subfield>
  </datafield>
  <datafield tag="852" ind1=" " ind2=" ">
    <subfield code="a">NLR</subfield>
    <subfield code="j">30.4.9.124</subfield>
  </datafield>
  <datafield tag="942" ind1=" " ind2=" ">
    <subfield code="c">BOOK</subfield>
  </datafield>
  <datafield tag="980" ind1=" " ind2=" ">
    <subfield code="a">NB</subfield>
  </datafield>
  <datafield tag="980" ind1=" " ind2=" ">
    <subfield code="a">Rossica</subfield>
  </datafield>
  <datafield tag="995" ind1=" " ind2=" ">
    <subfield code="5">2013-10-26</subfield>
    <subfield code="b">NLR02</subfield>
    <subfield code="c">NLR02</subfield>
    <subfield code="e">IFS</subfield>
    <subfield code="f">9972316-10</subfield>
    <subfield code="k">30.4.9.124</subfield>
    <subfield code="o">0</subfield>
    <subfield code="r">BOOK</subfield>
    <subfield code="s">3049124_</subfield>
  </datafield>
</record>
